| 000 | 00453nam a2200145 a 4500 | ||
|---|---|---|---|
| 001 | 000033337 | ||
| 005 | 20200930070204.0 | ||
| 008 | 110824s1944 dr 000 0 spa d | ||
| 040 |
_aDO-SdBNP _bspa _cBNPHU |
||
| 082 |
_axxxx _bC468p |
||
| 100 | 1 |
_aChapuseaux, Adalberto _926963 |
|
| 245 | 1 | 0 |
_aPeregrinación romantica / _cAdalberto Chapuseaux. |
| 260 |
_aSantiago, República Dominicana : _bImprenta "Muchas Gracias", _c1944. |
||
| 300 |
_a191 p. ; _c22 cm. |
||
| 999 |
_c32828 _d32828 |
||